| 000 | 00435nam a2200157 4500 | ||
|---|---|---|---|
| 005 | 20260424115209.0 | ||
| 008 | 260424b |||||||| |||| 00| 0 eng d | ||
| 020 |
_a9780327130475 _qhbk |
||
| 082 | _a348.7323 UNI.16 | ||
| 100 | _aUnited States | ||
| 245 |
_aUnited states code service _c/United States |
||
| 260 |
_aUK: _bLexisNexis, _c2009. |
||
| 300 |
_axxxvi,645p. _c22cm. |
||
| 650 | _aLaws, regulations, cases | ||
| 942 | _cENGLISH | ||
| 999 |
_c619699 _d619699 |
||